000 002750000a22000970004500
100 1 _aHuegel, Joel
245 1 0 _aPushing and insisting in San Luis PotosĂ­
300 _aVol. 75, Num. 2 (Julio-Diciembre, 1995), Páginas 18-19
773 0 _tLatin America Evangelist
942 _cANA
999 _c54925
_d54925